000 00991cam a2200301 i 4500
001 23336
003 BD-RjUL
005 20260201152345.0
008 781027s1975 ii af b 001 0 eng
035 _a(BD-RjUL)23401
040 _aDLC
_cDLC
_dBD-RjUL
_beng
041 _aeng
082 0 0 _a954
_bMIL 1975
100 1 _aMirashi, Vasudev Vishnu,
_d1893-
_971890
245 1 0 _aLiterary and historical studies in Indology /
_cby Vasudev Vishnu Mirashi.
250 _a1st ed.
260 _aDelhi :
_bMotilal Banarsidass,
_c1975.
300 _ax, 277 p. :
_bill. ;
_c22 cm.
500 _aIncludes passages in Sanskrit.
500 _aCompanion volume to the author's Studies in indology.
504 _aIncludes bibliographical references and index.
650 0 _aSanskrit literature
_xHistory and criticism.
_967423
650 0 _aNumismatics
_zIndia.
_971891
651 0 _aIndia
_xHistory
_y324 B.C.-1000 A.D.
_971892
942 _2ddc
_cBK
999 _c23336
_d23336